[Event "Asian Junior-ch 2017-Open"]
[Site "Shiraz"]
[Date "2017.05.09"]
[Round "8"]
[White "Tahbaz, Arash"]
[Black "Taalaibekov, Tagir"]
[Result "1-0"]
[WhiteElo "2409"]
[BlackElo "2213"]
[Annotator "TA"]
[PlyCount "97"]
[EventDate "2017.??.??"]
[EventType "swiss"]
[EventCountry "IRI"]
[SourceTitle "playchess.com"]
[Source "ChessBase"]
[SourceQuality "1"]

{[%evp 17,97,-20,-11,-23,0,-35,23,24,41,-4,79,-18,-19,-21,-12,-32,-28,-21,-4,-9,-19,-12,21,22,35,44,163,160,152,154,157,157,155,154,166,158,262,262,317,247,267,258,290,291,344,344,460,470,430,236,517,517,505,468,559,565,555,545,587,581,573,570,837,709,969,971,938,926,966,973,6095,6033,5018,5373,29977,12764,29984,29985,29988,29985,29983,29981]} 1. e4 e6 2. d4 d5 3. Nd2 c5 4. dxc5 Bxc5 5. Bd3 Nc6 6. Ngf3 Nf6 7. O-O O-O 8. a3 Qc7 9. Qe2 h6 {LiveBook: 4 Games} 10. c3 {C07: French Tarrasch: 3...c5, 4 Ngf3 and 4 exd5 Qxd5} a5 11. b3 $146 (11. e5 $5 {[%cal Re5f6]} Nd7 12. Re1 $11) ({Predecessor:} 11. Bc2 b6 12. exd5 exd5 13. Nb3 Re8 14. Qd1 Bg4 15. h3 Bh5 16. Nxc5 bxc5 17. g4 Bg6 18. Bxg6 fxg6 {0-1 (41) Lomako,P (2342)-Zubarev,A (2460) Serpukhov 2004}) 11... b6 (11... Ba7 $15) 12. Bb2 $11 {White has an edge.} Nh5 {[#] aiming for ...Nf4.} 13. g3 $1 Nf6 (13... Nxg3 $1 $11 {remains equal.} 14. hxg3 Qxg3+ 15. Kh1 Qh3+ 16. Nh2 Ne5) 14. c4 (14. b4 $16 Be7 15. exd5 exd5 16. b5) 14... dxe4 15. Nxe4 Nxe4 16. Qxe4 {[%csl Gd3][%cal Re4h7] [#]} f5 17. Qe2 e5 18. Bxe5 (18. Nxe5 Bb7 $17) 18... Nxe5 19. Qxe5 ({Wrong is} 19. Nxe5 $2 Bb7 $19) 19... Qxe5 20. Nxe5 Bd4 21. Rae1 f4 (21... Bc5 $14) 22. Be4 $18 fxg3 23. hxg3 Bh3 24. Bd5+ Kh7 25. Bxa8 Rxa8 26. Re4 Bc5 (26... Bxe5 $16 27. Rxe5 Bxf1) 27. Ra1 Bf5 28. Re2 Re8 29. Kg2 Bd3 30. Ree1 ({Less strong is} 30. Nxd3 Rxe2 31. Kf3 (31. Nxc5 bxc5 32. Rd1 a4 $16) 31... Rc2 $16) 30... Bc2 31. Nd7 Rxe1 32. Rxe1 Bxa3 {[%mdl 4096] Endgame KRN-KB} 33. Re3 (33. Nxb6 $142 {And now Re5 would win.} Bb4 34. Re3) 33... g5 $2 (33... Bc1 {is a better defense.}) 34. Nxb6 Bc5 35. Rc3 Be4+ 36. f3 Bc6 37. Nd5 Kg7 38. Rc2 a4 39. b4 Bd4 40. Ra2 h5 41. b5 {[%cal Bb4b5,Bb5b6,Bb6b7][%mdl 32]} Bd7 42. Rxa4 h4 43. Ra6 Bc8 44. Rc6 Bf5 45. b6 Be5 46. b7 g4 47. gxh4 {White mates.} Bd7 48. Rc8 gxf3+ 49. Kxf3 {Precision: White = 70%, Black = 14%.} 1-0

[Event "Asian Junior-ch 2017-Open"]
[Site "Shiraz"]
[Date "2017.05.09"]
[Round "8"]
[White "Tran, Minh Thang"]
[Black "Baneshi, Mahan"]
[Result "1/2-1/2"]
[WhiteElo "2409"]
[BlackElo "1971"]
[Annotator "TA"]
[PlyCount "33"]
[EventDate "2017.??.??"]
[EventType "swiss"]
[EventCountry "IRI"]
[SourceTitle "playchess.com"]
[Source "ChessBase"]
[SourceQuality "1"]

{[%evp 9,33,0,0,0,8,3,0,-52,-55,-85,-85,-118,-112,-110,-64,-72,-72,-135,-94,-95,-90,-93,-103,-104,-99,-143]} 1. d4 Nf6 2. Nf3 c5 3. c3 Qc7 4. dxc5 (4. g3 g6 5. Bg2 Bg7 6. O-O O-O 7. Re1 d5 8. Bf4 Qb6 9. Qb3 Nc6 10. dxc5 Qxc5 11. Nbd2 Re8 12. Be3 Qa5 13. c4 d4 14. Bg5 h6 15. Bxf6 exf6 {½-½ (61) Aronian,L (2792)-Vachier Lagrave,M (2789) Leuven 2016}) 4... Qxc5 5. Nbd2 g6 ({Much worse is} 5... Ng4 $6 6. Ne4 $16) 6. e4 {A46: 1 d4 Nf6 2 Nf3 e6: Torre, London and Colle Systems} Bg7 ({Reject} 6... Ng4 $6 7. Nd4 $16) 7. Bd3 O-O 8. e5 $146 (8. Qe2 $11) ({Predecessor:} 8. O-O d6 9. Qe2 Nc6 {½-½ (9) Gochev,M (2227)-Jacimovic,D (2424) Struga 2010}) 8... Ng4 $15 {[%csl Gg4][%cal Rc5f2] [#]} 9. Ne4 Qc7 10. h4 h5 11. Bf4 Nxe5 12. Nxe5 Bxe5 13. Bh6 (13. Bxe5 $142 Qxe5 14. O-O) 13... Bg7 14. Qd2 {Black is better.} d5 15. Bxg7 Kxg7 16. Ng3 {White wants to play Nxh5+!} Qe5+ 17. Kf1 1/2-1/2

[Event "Asian Junior-ch 2017-Open"]
[Site "Shiraz"]
[Date "2017.05.09"]
[Round "8"]
[White "Daghli, Arash"]
[Black "Kumar, Gaurav"]
[Result "1-0"]
[WhiteElo "2198"]
[BlackElo "2176"]
[Annotator "TA"]
[PlyCount "93"]
[EventDate "2017.??.??"]
[EventType "swiss"]
[EventCountry "IRI"]
[SourceTitle "playchess.com"]
[Source "ChessBase"]
[SourceQuality "1"]

{[%evp 10,93,0,-20,24,-7,0,0,0,0,0,0,0,0,0,-15,0,0,7,6,21,0,0,0,0,0,0,0,0,0,111,106,146,150,162,140,140,137,135,137,134,142,188,188,188,187,187,186,187,146,187,180,219,226,238,234,254,254,326,326,326,323,262,243,535,535,935,893,951,841,2313,1001,29984,29985,29985,29986,29986,29987,29987,29988,29988,29989,29989,29990,29990,29991]} 1. e4 e5 2. Nc3 Nf6 3. Bc4 Nxe4 4. Qh5 Nd6 5. Bb3 Be7 6. Nf3 O-O {C27: Vienna Game: 2...Nf6 3 Bc4 Nxe4} 7. h4 {Strongly threatening Ng5.} (7. O-O Nc6 8. d4 Nxd4 9. Nxd4 exd4 10. Nd5 Ne8 11. Re1 Nf6 12. Nxe7+ Qxe7 13. Qxh7+ Kxh7 14. Rxe7 {0-1 (35) Nakamura,H (2787)-Harikrishna,P (2763) chess.com INT 2016}) 7... Nc6 8. Ng5 {[%csl Gg5][%cal Rh5h7]} (8. Nxe5 Nxe5 9. Qxe5 Bf6 $17) 8... h6 {The position is equal.} 9. Qg6 $1 {[%csl Gg5][%cal Rg6h7]} Bxg5 10. hxg5 Qxg5 11. Qxg5 hxg5 12. d3 Nf5 13. Bxg5 Ncd4 14. Nd5 Nxb3 15. Nf6+ $146 ({Reject} 15. cxb3 b6 $15) 15... gxf6 {[#]} 16. Bxf6 $1 {[%csl Gf6][%cal Rh1h8][%mdl 512]} Ng7 17. axb3 {White threatens Ra4 and mate.} Re8 $1 {[%cal Re8e6]} 18. g4 $1 Re6 $1 {[%cal Re6f6]} 19. g5 Rxf6 (19... Ra6 $11 20. Rc1 Rd6) 20. gxf6 $16 Ne8 21. Rh6 $1 d6 22. Kd2 {Rg1+ would kill now.} Nxf6 23. Rxf6 {[%mdl 4096] Endgame And now Rg1+ would win. KRR-KRB} Kg7 24. Rf3 Be6 25. b4 c6 26. Rg1+ Kf8 27. Rfg3 {Threatens to win with Rg8+.} Ke7 {[#]} 28. Rg8 $1 {[%cal Rg8a8]} Rf8 29. R1g7 a6 30. Ke3 b6 31. f4 exf4+ 32. Kxf4 c5 33. bxc5 dxc5 34. Rxf8 Kxf8 $18 {KR-KB} 35. Rh7 Ke7 {[#]} 36. Ke5 $1 Kd7 $2 (36... a5 37. c3 b5) 37. c3 Kc6 38. d4 a5 39. Rh6 cxd4 40. cxd4 Kb5 41. Rxe6 {White mates.} fxe6 42. Kxe6 {KPP-KPP} a4 43. d5 Kb4 44. d6 Kb3 45. d7 Kxb2 46. d8=Q a3 47. Qxb6+ {Precision: White = 86%, Black = 34%.} 1-0

[Event "Asian Junior-ch 2017-Open"]
[Site "Shiraz"]
[Date "2017.05.09"]
[Round "8"]
[White "Hamidi, Amir Mohammad"]
[Black "Gholami Orimi, Mahdi"]
[Result "1/2-1/2"]
[WhiteElo "2187"]
[BlackElo "2256"]
[Annotator "TA"]
[PlyCount "75"]
[EventDate "2017.??.??"]
[EventType "swiss"]
[EventCountry "IRI"]
[SourceTitle "playchess.com"]
[Source "ChessBase"]
[SourceQuality "1"]

{[%evp 17,75,17,49,36,47,39,53,46,44,11,29,9,13,0,0,-11,-7,-6,-14,-30,-13,-14,-12,-79,-44,-72,-64,-61,-63,-106,-103,-131,-129,-112,-12,-12,-12,-16,-20,-22,-28,-36,-41,-34,-35,-33,-16,-15,-15,-20,0,0,0,0,0,0,0,0,0,0]} 1. Nf3 Nf6 2. c4 e6 3. b3 b6 4. g3 Bb7 5. Bg2 Be7 6. Bb2 O-O 7. O-O d6 8. d3 c5 9. Nc3 Nbd7 10. e4 {A30: Symmetrical English: Double Fianchetto and Hedgehog} (10. e3 a6 11. Qe2 Rc8 12. Rad1 Re8 13. Ne1 Qc7 14. f4 d5 15. g4 d4 16. exd4 cxd4 17. Nb1 h5 18. Bxb7 Qxb7 {0-1 (32) Cu Hor,W (2305)-Cordova,E (2602) San Salvador 2016}) 10... Qc7 11. Qe2 Rfe8 $146 ({Predecessor:} 11... Ne8 12. Rad1 Bf6 13. d4 a6 14. Kh1 Rd8 15. d5 exd5 16. exd5 Qb8 17. g4 Bc8 {1-0 (31) Straka,J (2299)-Federic,J (2270) Slovakia 2012}) 12. Rfd1 {White is slightly better.} Rad8 13. Rac1 Qb8 14. d4 d5 {[%cal Rd5e4]} 15. cxd5 exd5 16. e5 cxd4 17. Nb5 ({Of course not} 17. Rxd4 Bc5 $17) ({Reject} 17. Nxd4 Nxe5 18. Qc2 (18. f4 $2 Nc6 $19) 18... Bc5 $15) 17... Bc5 {[%cal Rd7e5]} 18. Qd3 Nxe5 19. Nxe5 Qxe5 20. Nxd4 (20. Nxa7 $11 Qh5 21. Bf3) 20... Qh5 21. h3 Ne4 22. a3 a5 23. Qb5 Bc8 24. h4 Bd7 25. Qd3 Re7 {[#]} (25... Rc8 $17 {aiming for ...Qe5.} 26. Re1 Qg4) 26. b4 $1 $11 {[%cal Rb4c5][%mdl 512]} axb4 27. axb4 Bxb4 {Strongly threatening ...Bc5.} 28. Nc6 Bxc6 $1 29. Qd4 {[%csl Gb2][%cal Rd4g7] [#]} Bc3 $1 30. Bxc3 Nxc3 31. Rxc3 Ba8 32. Rb1 {The position is equal.} Qe5 33. Qxb6 Ree8 34. Re3 Qf5 35. Rbe1 Qc8 36. Rxe8+ Rxe8 37. Rxe8+ Qxe8 38. Qd6 {Precision: White = 58%, Black = 66%.} 1/2-1/2

[Event "Asian Junior-ch 2017-Open"]
[Site "Shiraz"]
[Date "2017.05.09"]
[Round "8"]
[White "Koniahli, Malek"]
[Black "Harsha Bharathakoti"]
[Result "1/2-1/2"]
[WhiteElo "1995"]
[BlackElo "2413"]
[Annotator "TA"]
[PlyCount "114"]
[EventDate "2017.??.??"]
[EventType "swiss"]
[EventCountry "IRI"]
[SourceTitle "playchess.com"]
[Source "ChessBase"]
[SourceQuality "1"]

{[%evp 16,114,0,5,4,-16,27,0,0,0,0,0,0,0,0,0,0,0,0,-22,-29,-36,-46,-40,4,-11,0,0,33,10,64,-39,-39,-51,-63,-60,-8,-20,-36,-30,-26,-37,-29,-52,-2,-12,0,0,0,-6,37,0,15,16,12,0,0,0,0,0,0,0,0,0,0,0,0,0,0,0,0,0,0,0,0,0,0,0,0,0,0,0,0,0,0,0,0,0,0,0,0,0,0,0,0,0,0,0,0,0,0]} 1. e4 c5 2. Nc3 a6 3. a4 Nc6 4. g3 g6 5. Bg2 Bg7 6. f4 {B23: Closed Sicilian: Lines without g3} (6. d3 Rb8 7. f4 d6 8. h3 b5 9. axb5 axb5 10. Nf3 b4 11. Nd5 e6 {0-1 (42) Larino Nieto,D (2491)-Salgado Lopez,I (2614) Linares 2013}) 6... d6 7. Nf3 e6 8. O-O Nge7 {[%cal Bg8e7,Be7f5,Bf5d4][%mdl 32]} 9. d3 {LiveBook: 3 Games} O-O 10. Be3 Nd4 11. e5 Nef5 12. Bf2 $1 Nxf3+ 13. Qxf3 Nd4 $146 14. Qd1 $1 dxe5 15. fxe5 Bxe5 16. Ne4 f5 $1 {[%cal Rf5e4]} 17. Nxc5 (17. Nd2 {looks sharper.} Qe7 18. c3 Nc6 19. Qb3 Rd8 20. Nc4) 17... Qa5 18. Nb3 (18. Bxb7 $2 Bxb7 19. Nxb7 Qd5 $19) 18... Nxb3 19. cxb3 Rd8 20. d4 Bg7 ({Much weaker is} 20... Qb4 $6 21. dxe5 Rxd1 22. Rfxd1 $16) (20... Bxd4 $5 21. Bxd4 Qb4 $15) 21. Rc1 e5 22. Rc5 $1 {[%cal Rc5a5]} Qb6 ({Black should try} 22... Qb4 $1 $11) 23. a5 (23. Bd5+ $14 Rxd5 24. Rxd5) 23... Qe6 $1 $15 24. Re1 e4 25. Bf1 {[#] Black must now prevent Bc4.} Qd6 ({Black should play} 25... Qe7 $15) 26. Bc4+ (26. Rd5 $5 {[%cal Rd5d6]} Qf6 27. Rxd8+ Qxd8 28. Bc4+ Kh8 29. Qd2 $15) 26... Be6 27. d5 Bf7 ({But not} 27... Bxb2 $2 28. Qb1 $18) 28. Bd4 Rd7 29. b4 Be5 30. Qd2 Qf6 31. Bc3 Rad8 32. Rd1 Re8 (32... Kg7 $5) 33. Qe3 Red8 {The position is equal.} 34. b5 axb5 35. Rxb5 Bxc3 36. bxc3 Rc8 37. Rc5 Rxc5 38. Qxc5 f4 39. gxf4 Qxc3 40. Qc8+ Kg7 41. Qxd7 Qe3+ $1 42. Kf1 Qf3+ 43. Ke1 e3 {[%csl Ge3][%cal Rf3f2] [#]} 44. Rd2 exd2+ 45. Kxd2 Qxf4+ 46. Kc3 Qe3+ ({Much worse is} 46... Qxh2 $6 47. Qxb7 Qe5+ 48. Kb3 $16) 47. Kb4 b6 {And now ...Qc5+ would win.} 48. a6 Qc5+ $1 49. Kb3 {Threatens to win with a7.} Qe3+ 50. Ka4 Qc5 51. Qb5 Be8 $1 52. Qxe8 Qxc4+ $11 {KQ-KQ} 53. Ka3 {Strongly threatening Qe7+.} Qc3+ 54. Ka2 Qc2+ 55. Ka3 Qc3+ 56. Ka2 Qd2+ 57. Ka3 {Qe7+ is the strong threat.} Qc3+ {Precision: White = 65%, Black = 62%.} 1/2-1/2

[Event "Asian Junior-ch 2017-Open"]
[Site "Shiraz"]
[Date "2017.05.10"]
[Round "9"]
[White "Tran, Tuan Minh"]
[Black "Gholami, Aryan"]
[Result "1-0"]
[WhiteElo "2537"]
[BlackElo "2423"]
[Annotator "TA"]
[PlyCount "111"]
[EventDate "2017.??.??"]
[EventType "swiss"]
[EventCountry "IRI"]
[SourceTitle "playchess.com"]
[Source "ChessBase"]
[SourceQuality "1"]

{[%evp 19,111,0,12,16,14,-25,0,-26,-26,-35,-20,-23,-12,-38,-33,-41,-43,-54,-56,-48,-29,-37,-20,-27,-16,-41,-13,-13,-17,-13,0,0,8,0,5,0,0,-4,0,0,7,0,0,0,0,0,0,0,147,154,156,118,156,149,151,142,148,144,139,135,212,283,348,412,276,375,278,270,253,260,277,254,1279,1308,1721,1463,1361,867,1165,1241,2631,2370,1920,1329,29957,12847,29974,29975,29976,29976,29984,29985,29989,29990]} 1. d4 Nf6 2. c4 e6 3. Nc3 Bb4 4. e3 O-O 5. Bd3 c5 6. Nge2 d5 7. a3 cxd4 8. exd4 Be7 9. O-O dxc4 10. Bxc4 Nbd7 {[%cal Bb8d7,Bd7b6,Bb6d5][%mdl 32]} 11. Ba2 {E48: Nimzo-Indian: Rubinstein: 5 Bd3 d5 including 6 Ne2, but excluding 6 a3} (11. Nf4 Nb6 12. Ba2 Bd7 13. Re1 Re8 14. Nd3 Bc6 15. Ne5 Bd5 16. Nxd5 Nbxd5 17. Qd3 Rc8 18. Bg5 h6 19. Bd2 Nd7 20. Nf3 N7f6 21. Rad1 Bf8 22. Ne5 Nd7 23. Bb1 Nxe5 24. Qh7# {1-0 (24) Rakhmanov,A (2636)-Batchuluun,T (2523) St Petersburg 2014}) 11... Nb6 12. Qd3 Bd7 13. Bg5 {The position is equal.} Bc6 14. Rad1 Nbd5 (14... Nfd5 $5 {[%cal Re7g5]} 15. Bd2 (15. Bb1 g6 $11) 15... Rc8 $15) 15. Bb1 g6 (15... Qa5 {with more complications.} 16. h4 g6 17. f3 Rac8 18. Qd2 Rfd8) 16. f3 $146 ({Predecessor:} 16. Rfe1 Re8 17. h4 Nh5 18. Nxd5 Qxd5 19. f3 Bxg5 20. Nc3 {0-1 (38) Mottonen,A (2097)-Saren,I (2244) Finland 2004}) 16... Qb6 17. Qd2 Rfd8 18. Kh1 Rac8 19. Bh4 Qa5 20. Ba2 Nxc3 21. Nxc3 Qh5 22. Qf2 Rd7 (22... Qh6 {keeps more tension.} 23. Bb3 Rd7 24. Bg3 Nd5 25. Rfe1 Nxc3 26. bxc3 b5) 23. d5 Nxd5 24. Bxe7 Rxe7 25. Bxd5 Bxd5 26. Qxa7 Bc6 27. a4 Ree8 28. Qb6 Qg5 29. b4 {[%cal Bb2b4,Bb4b5][%mdl 32]} Red8 30. b5 $36 {[%mdl 2048] aiming for Rxd8+. White is pushing.} Rxd1 31. Nxd1 Bd5 32. Ne3 Qe5 33. a5 Qc7 (33... Qb2 $11 {keeps the balance.}) 34. Qxc7 $16 Rxc7 {[%mdl 4096] Endgame KRB-KRN} 35. Ra1 Kf8 36. Kg1 Ke7 37. Nxd5+ exd5 {[#] KR-KR} 38. Kf2 $1 Kd6 39. Ke3 h5 {[#]} (39... Rc3+ $16 {is a better defense.} 40. Kd2 Rc7) 40. h4 $1 $18 Ke5 41. a6 bxa6 42. bxa6 Ra7 43. Ra5 Kd6 44. Kd4 Kc6 45. g4 hxg4 $2 (45... Kb6 46. Rxd5 hxg4) 46. fxg4 Kb6 47. Ra1 Kc6 48. Ke5 Kc5 49. h5 gxh5 50. gxh5 d4 51. h6 {[%cal Bh5h6,Bh6h7][%mdl 32]} d3 52. h7 ({Worse is} 52. Rc1+ Kb4 $11) 52... f6+ 53. Ke4 {White mates.} Ra8 54. Kxd3 Kb6 {[#]} 55. a7 $1 {[%mdl 512]} Kb7 (55... Rxa7 56. Rxa7) 56. Rb1+ {Precision: White = 79%, Black = 45%.} 1-0

[Event "Asian Junior-ch 2017-Open"]
[Site "Shiraz"]
[Date "2017.05.10"]
[Round "9"]
[White "Mosadeghpour, Masoud"]
[Black "Taalaibekov, Tagir"]
[Result "1-0"]
[WhiteElo "2444"]
[BlackElo "2213"]
[Annotator "TA"]
[PlyCount "57"]
[EventDate "2017.??.??"]
[EventType "swiss"]
[EventCountry "IRI"]
[SourceTitle "playchess.com"]
[Source "ChessBase"]
[SourceQuality "1"]

{[%evp 20,57,38,21,43,39,39,31,63,29,39,38,46,52,44,47,58,22,32,32,107,91,99,90,208,231,225,227,384,360,1108,1106,1077,1083,1031,389,372,0,1023,997]} 1. e4 e6 2. d4 d5 3. Nd2 c5 4. Ngf3 Nc6 5. exd5 exd5 6. Bb5 Bd6 7. dxc5 Bxc5 8. O-O Nge7 9. Re1 O-O 10. Nb3 Bd6 11. h3 Qc7 {C09: French Tarrasch: 3...c5 4 exd5 exd5 5 Ngf3 Nc6} (11... a6 12. Bd3 h6 13. c3 Bf5 14. Bxf5 Nxf5 15. Qd3 Qd7 16. Be3 Rfe8 17. Bc5 Bc7 18. Rad1 Rxe1+ 19. Rxe1 Rd8 20. Rd1 Qe6 21. Re1 {1-0 (54) Dominguez Perez,L (2732)-Ponkratov,P (2604) Berlin 2015}) 12. c3 Bf5 13. Bd3 Bg6 {White is slightly better.} 14. Nbd4 a6 15. Bxg6 hxg6 16. Qd3 $146 ({Predecessor:} 16. Be3 Rad8 {½-½ (16) Smederevac,P (2335)-Marovic,D (2455) Osijek 1978}) 16... Rfe8 17. Bg5 f6 18. Nxc6 bxc6 19. Bd2 Be5 (19... c5 $14) 20. Re2 Kf7 21. Rae1 {[%cal Rf3e5]} Bf4 (21... Bd6 $16 {was necessary.}) 22. Bxf4 $18 Qxf4 23. Nd4 {Nxc6! is the strong threat.} c5 $2 {[#]} (23... Nf5 24. Nxc6 Qc4 25. Qxc4 dxc4 26. Rxe8 Rxe8 27. Rxe8 Kxe8) 24. Nc6 Nxc6 $2 (24... Nf5 25. Qxd5+ Kf8 26. Qxc5+ Qd6 27. Rxe8+ Rxe8 28. Qxd6+ Nxd6 29. Rxe8+ Kxe8) 25. Qxd5+ Kf8 26. Qxc5+ Kf7 27. Qd5+ $2 {[#]} (27. Qxc6 {[%cal Re2e8]} Red8 28. Re4) 27... Kf8 28. Qc5+ $2 (28. Qxc6 Rec8 29. Qb6) 28... Kf7 $1 {Black wants to play ...Rxe2.} 29. Qxc6 {Precision: White = 65%, Black = 29%.} 1-0

[Event "Asian Junior-ch 2017-Open"]
[Site "Shiraz"]
[Date "2017.05.10"]
[Round "9"]
[White "Harsha Bharathakoti"]
[Black "Tahbaz, Arash"]
[Result "0-1"]
[WhiteElo "2413"]
[BlackElo "2409"]
[Annotator "TA"]
[PlyCount "90"]
[EventDate "2017.??.??"]
[EventType "swiss"]
[EventCountry "IRI"]
[SourceTitle "playchess.com"]
[Source "ChessBase"]
[SourceQuality "1"]

{[%evp 9,90,0,14,-2,0,0,0,0,1,-8,0,-20,0,0,0,0,9,-4,0,-1,-2,-12,-11,-14,-6,-115,-59,-45,-45,-89,-22,-27,0,-65,-62,-61,-65,-101,-98,-92,-64,-70,-64,-83,-79,-79,-56,-54,-54,-46,0,0,0,-91,-81,-139,-116,-265,-144,-140,-141,-260,0,-133,-65,-254,-257,-255,-272,-244,-286,-259,-262,-353,-336,-392,-394,-382,-373,-1714,-1713,-29997,-754]} 1. e4 c5 2. Nf3 e6 3. b3 d6 4. Bb2 Nf6 5. Bb5+ Nbd7 6. Bd3 $146 {B50: Sicilian: 2...d6, Miscellaneous} ({Predecessor:} 6. Qe2 a6 7. Bd3 g6 8. e5 dxe5 9. Nxe5 Bg7 10. O-O O-O 11. Re1 Nd5 12. Bc4 Nxe5 13. Bxe5 Nb4 14. Bxg7 Kxg7 {½-½ (52) Yudasin,L (2517)-Stripunsky,A (2536) chess.com INT 2017}) 6... Be7 7. O-O O-O 8. Re1 {The position is equal.} b6 9. Bf1 Bb7 10. Nc3 d5 {[%cal Rf6e4]} 11. e5 Ne4 12. Ne2 Ng5 13. Nf4 d4 {And now ...Nxf3+ would win.} 14. Nxg5 $1 Bxg5 15. Qg4 Bh6 16. Bb5 {Black should prevent Nxe6!} Kh8 17. h4 (17. c3 $11 {remains equal.}) 17... a6 (17... Rg8 $1 $17 18. Rad1 Nf6 $1 {[%mdl 512]} 19. Ng6+ (19. exf6 $2 gxf6 20. Qh3 Bxf4 $19) (19. Qg3 g5 $19) 19... hxg6 20. exf6 gxf6) 18. Bxd7 $15 Qxd7 19. d3 Rae8 ({Black should play} 19... f5 $17 20. Qg3 Rac8) 20. Bc1 f6 (20... Bxf4 $5 21. Bxf4 h6 $15) 21. Nh5 (21. Nh3 $11) 21... Bxc1 $1 22. Raxc1 Qf7 $1 {Hoping for ...f5.} 23. Nf4 fxe5 24. Nh3 Qf5 25. Qg3 e4 26. dxe4 Bxe4 27. f3 Bd5 28. Re5 Qf6 $36 {[%mdl 2048] Black fights for an advantage.} 29. Rce1 b5 30. Qg4 h6 {[#]} 31. Nf2 (31. Ng5 $1 $11 {[%mdl 512] keeps the balance.}) 31... a5 32. a3 (32. Nd3 $142 Rc8 33. R5e2) 32... Rc8 $17 33. Nh3 (33. h5 $17 {was called for.}) 33... Rc7 ({Better is} 33... b4 $19 34. axb4 cxb4) 34. Qg3 Rc6 35. Qg4 (35. Nf2 $17) 35... Rc7 (35... b4 $19 36. axb4 cxb4) 36. Qg3 $1 {Black must now prevent Rxd5!} Ra7 ({Black should try} 36... Qf7 $17 {...b4 is the strong threat.} 37. Nf2 c4 38. bxc4 Rxc4) 37. Qg4 $2 (37. Nf2 $15) 37... a4 $19 38. b4 cxb4 39. Qxd4 Rc7 {[%cal Ba7c7,Bc7c2,Bc2c4,Bc4h4][%mdl 32]} 40. Qxb4 Rxc2 41. Nf2 Rc4 42. Qxb5 Rxh4 43. Qc5 Qf4 44. Ng4 $2 {[#]} (44. Rxd5 exd5 45. Ng4) 44... Bxf3 $1 {[%mdl 512]} 45. gxf3 Qg3+ {Precision: White = 43%, Black = 57%.} 0-1

[Event "Asian Junior-ch 2017-Open"]
[Site "Shiraz"]
[Date "2017.05.10"]
[Round "9"]
[White "Khodashenas, Mersad"]
[Black "Kumar, Gaurav"]
[Result "1-0"]
[WhiteElo "2410"]
[BlackElo "2176"]
[Annotator "TA"]
[PlyCount "87"]
[EventDate "2017.??.??"]
[EventType "swiss"]
[EventCountry "IRI"]
[SourceTitle "playchess.com"]
[Source "ChessBase"]
[SourceQuality "1"]

{[%evp 16,87,17,7,30,11,17,11,5,0,14,0,0,-132,-136,-206,-222,-229,-179,-172,-167,-172,-167,-155,-136,-118,-126,-119,-87,-86,-94,-93,-85,-84,-71,-66,-15,-12,-10,-106,-101,-103,-89,-156,-120,-119,-111,-112,-106,-116,0,0,656,650,29986,29987,29987,29988,29988,29989,29989,29990,29990,29989,29990,29991,29991,29990,29990,29991,29991,29992,29978,3039]} 1. c4 e5 2. Nc3 Bb4 3. g3 Bxc3 4. bxc3 d6 5. Bg2 Ne7 6. d4 {A21: English Opening: 1...e5 2 Nc3} (6. d3 O-O 7. Nh3 c5 8. O-O Nbc6 9. Rb1 b6 10. f4 Bg4 11. Nf2 Be6 12. e4 exf4 13. Bxf4 Qd7 {0-1 (44) Kovalenko,I (2684)-Swapnil,S (2527) chess.com INT 2017}) 6... Nbc6 7. Nf3 f6 8. Ba3 O-O 9. O-O {LiveBook: 5 Games} Qe8 10. c5 $146 {And now d5 would win.} ({Predecessor:} 10. e4 b6 11. c5 dxc5 12. dxc5 Be6 13. Qc2 Qf7 14. Rfd1 b5 15. Nh4 Rfd8 16. Nf5 Nxf5 17. exf5 {1-0 (54) Schwartzman,G (2325)-Mainka,G (2350) Dortmund 1991}) 10... d5 11. c4 {aiming for cxd5.} e4 12. Nd2 f5 $1 (12... Nxd4 $6 13. cxd5 Bg4 14. Re1 $16 (14. f3 exf3 15. Nxf3 Nb5 $16)) 13. e3 Be6 14. g4 (14. Qe2 $11) 14... Qg6 (14... fxg4 $6 15. cxd5 Nxd5 16. Nxe4 $11 (16. Bxe4 Qh5 $19)) 15. f3 (15. Kh1 $17) 15... exf3 $19 ({Inferior is} 15... fxg4 16. fxe4 dxe4 17. d5 $11 (17. Bxe4 Qg5 $15)) 16. Rxf3 Qxg4 17. Qf1 dxc4 18. Rg3 Qh5 19. Bb2 {Black must now prevent d5.} Nd5 20. Qxc4 Qf7 {Strongly threatening ...Nxe3!} 21. e4 {[#]} Ne3 $1 {[%mdl 512]} 22. Qc3 (22. Rxe3 Bxc4) 22... f4 23. Rxe3 fxe3 24. Qxe3 {Black should prevent d5.} Rae8 25. Qg3 Bc8 ({Black should play} 25... Bd7 $15) 26. d5 $11 Ne7 27. Rf1 (27. Be5 $1 $11 {remains equal.}) 27... Qg6 $17 28. Rxf8+ Kxf8 (28... Rxf8 29. Qxc7 Qh6 30. Qg3) 29. Qc3 ({Wrong is} 29. Qxc7 $2 Bh3 $19) (29. Be5 $142) 29... Kg8 30. Nc4 Rf8 31. Ne5 Qh6 32. Qb3 Kh8 {[#]} (32... Qf6 $17 {( -> ...Qf2+)} 33. Qf3 Ng6 34. Qxf6 gxf6 35. Nxg6 hxg6) 33. d6 $1 $40 {[%cal Bd5d6,Bd6e7][%mdl 672] Black needs to defend precisely.} Be6 $2 {[%mdl 8192]} (33... cxd6 $11 34. Nf7+ Rxf7 $1 {[%mdl 512]} 35. Qxf7 Qe3+ 36. Kf1 Qd3+ 37. Kg1 Qe3+ 38. Kf1 Qd3+ 39. Kg1 Qe3+) 34. dxe7 $18 Re8 35. Nf7+ {White mates.} Bxf7 36. Qxf7 {[%cal Rf7e8]} Qe3+ 37. Kf1 {[%cal Rf7e8]} Qd3+ {[#]} 38. Kf2 $1 {[%cal Rf7e8]} Qd2+ 39. Kf3 {[%cal Rf7e8]} Qd1+ 40. Kg3 {[%cal Rf7e8]} Qe1+ 41. Kg4 {[%cal Rf7e8]} Qd1+ 42. Kh3 {[%cal Rf7e8]} Qd7+ 43. Kg3 {[%csl Gf7][%cal Rb2g7]} Rg8 44. Bf1 {Precision: White = 58%, Black = 56%.} (44. Kh4 $142 Qc6 {[#]} 45. Bxg7+ $1 {[%mdl 512]} Rxg7 46. e8=Q+ Qxe8 47. Qxe8+ Rg8 48. Qe5+ Rg7 49. Kh5 c6 50. Kh6 Kg8 51. Qxg7#) 1-0